00850nam a22002417a 450000500170000001000130001702000220003003500130005203700160006504000120008108200180009310000300011124500510014126000490019227000450024130000250028650000490031165000350036065000420039594200270043799900190046495201250048320170124105929.0 aA-517009 c00.00a8171003885 aA-517009 bCen Lib/Ret aDPLbEN a371.3078bMOH aMohanty, Jagannath972071 aEducational technology /cby Jagannath Mohanty aNew DelhibDeep and Deep Publicationsc1992 aF-159, Rajouri GardenbNew Delhie110027 axiii303p. c19cm(Hb) aIncludes bibliographical reference and index aTechnology -- education972072 aEducation -- methods and media972073 2ddccENh371.3078mMOH c123718d123718 00104070aLbLd2015-06-11eCen Lib/Retg0.00l0o371.3078 MOHpA-517009r2015-06-11 00:00:00t1v0.00w2015-06-11yEN